LEADER 01257nas0 2200373 450 001 990001065580203316 011 $a0044-4081 035 $a0106558 035 $aUSA010106558 035 $a(ALEPH)000106558USA01 035 $a0106558 100 $a20020328a--------km-y0itay01------ba 101 $ager 102 $aDE 110 $aafa-------- 200 1 $aZentralblatt fur Bibliothekswesen 207 $aJa. 104, h. 12 (Dez. 1990). - 210 0$aLeipzig$dVEB Bibliographisches Institut Leipzing$c1990 215 $av.$a24 cm 300 $aTit della cop.- Comincia nel 1885 e cessa nel 1990.- Nel 1991 viene incorporato da Zeitschrift fur Bibliothekswesen und Bibliographie 326 $aMensile 444 1$10010106525$12001$aZeitschrift fur Bibliothekswesen und Bibliographie 606 $aBibliotecomania$xPeridici 606 $aBibliografia$xPeridici 676 $a020.5 801 0$aIT$bsalbc$gISBD 912 $a990001065580203316 958 $aUMA$cJahrg. 99, Helf 1 (Januar 1985)-Ja. 104, H. 12 (Dez. 1990) - 959 $aSE 979 $aPATTY$b90$c20020328$lUSA01$h1615 979 $c20020403$lUSA01$h1746 979 $aPATRY$b90$c20040406$lUSA01$h1714 996 $aZentralblatt fur Bibliothekswesen$9979739 997 $aUNISA LEADER 01628nam 2200409 a 450 001 9910695168603321 005 20060621151018.0 035 $a(CKB)5470000002367043 035 $a(OCoLC)70153195 035 $a(EXLCZ)995470000002367043 100 $a20060621d2006 ua 0 101 0 $aeng 135 $aurmn|---||||| 181 $ctxt$2rdacontent 182 $cc$2rdamedia 183 $acr$2rdacarrier 200 10$aChemical and biological defense$b[electronic resource] $eDOD needs consistent policies and clear processes to address the survivability of weapon systems against chemical and biological threats : report to congressional committees 210 1$a[Washington, D.C.] :$cU.S. Government Accountability Office,$d[2006] 215 $ai, 29 pages $cdigital, PDF file 300 $aTitle from title screen (viewed on June 13, 2006). 300 $a"April 2006." 300 $aPaper version available from: U.S. Government Accountability Office, 441 G St., NW, Rm. LM, Washington, D.C. 20548. 300 $a"GAO-06-592." 320 $aIncludes bibliographical references. 517 $aChemical and biological defense 606 $aChemical warfare$zUnited States$xSafety measures 606 $aBiological warfare$zUnited States$xSafety measures 606 $aSoldiers$xProtection$zUnited States 615 0$aChemical warfare$xSafety measures. 615 0$aBiological warfare$xSafety measures. 615 0$aSoldiers$xProtection 801 0$bGPO 801 1$bGPO 906 $aBOOK 912 $a9910695168603321 996 $aChemical and biological defense$93173397 997 $aUNINA